000 00286nam a2200109Ia 4500
008 230907s9999||||xx |||||||||||||| ||und||
082 _a628.746,BIO
245 0 _aBioenergy production by anaerobic digestion:
260 _aEarthscan
_bLondon
_c2013
300 _axxx, 442p.:
942 _cBK
999 _c597904
_d597904